Elogio de las cosas de la tierra

Gardado en:
Detalles Bibliográficos
Formato: Libro
Idioma:Lingua castelá
Publicado: Santiago Andrés Bello 1979
Subjects:
Tags: Engadir etiqueta
Sen Etiquetas, Sexa o primeiro en etiquetar este rexistro!

MARC

LEADER 00000cam a2200000 a 4500
001 UCX4916
003 CL-VaPUC
008 920812e19790000CL |||||||||||||||||spa|d
082 0 4 |a Ch863  |b MIS  |2 21 
245 1 0 |a Elogio de las cosas de la tierra 
300 |a 136 p 
942 |c BK 
945 |d 19920812 00:00:00 
260 |a Santiago  |b Andrés Bello  |c 1979 
650 0 |a Prosa chilena   |9 267787 
583 |a last modification  |c 20150825 09:29:12  |k Rodrigo Vera 
999 |c 225288  |d 225286 
952 |0 0  |1 0  |4 0  |6 CH_863_000000000000000_MIS_1979  |7 0  |8 A  |9 222680  |a BIBEDU  |b BIBEDU  |c ES_NOD  |d 2019-11-15  |i 2914700  |o Ch863 MIS 1979  |p 2914700  |r 2023-08-09  |w 2019-11-15  |y BK  |k LIT 
952 |0 0  |1 0  |3 erb  |4 0  |6 CH_863_000000000000000_MIS_1979  |7 0  |8 A  |9 222681  |a BIBEDU  |b BIBEDU  |c ES_NOD  |e Valenzuela Fuenzalida, Alvaro Miguel, 1932-  |i 5203244  |l 1  |o Ch863 MIS 1979  |p 5203244  |r 2025-04-21  |s 2025-04-15  |w 2019-11-15  |y BK  |z Catalogado en:20150827  |k LIT